Pollinating bees the conservation link between agriculture and nature (Registro nro. 4348)

Detalles MARC
000 -CABECERA
Campo de control 00510nam a2200181 a 4500
005 - FECHA Y HORA DE LA ULTIMA TRANSACCION
Campo de control 20140314142131.0
008 - ELEMENTOS DE LONGITUD FIJA—INFORMACION GENERAL
Campo de control 140314b2002 bl ||||| |||| 00| 0 spa d
041 ## - IDIOMA
Código de idioma para texto/pista de sonido o título separado Español
044 ## - PAÍS DE PUBLICACIÓN
País de publicación Brasil
090 ## - CLASIFICACIÓN LOCAL
Colección LB
Consecutivo 04011
100 ## - ASIENTO PRINCIPAL--NOMBRE PERSONAL
Nombre personal Kevan, Peter G.
245 ## - MENCION DE TITULO
Título Pollinating bees the conservation link between agriculture and nature
260 ## - PUBLICACION, DISTRIBUCION, ETC. (PIE DE IMPRENTA)
Lugar de publicación, distribución, etc. Brasília
Nombre del editor, distribuidor, etc. Ministry of Environment
Fecha de publicación, distribución, etc. 2002
300 ## - DESCRIPCION FISICA
Extensión 313 p.
700 ## - ASIENTO SECUNDARIO - NOMBRE PERSONAL
Nombre personal Imperatriz Fonseca, Vera L.
942 ## - ELEMENTOS ADICIONALES (KOHA)
Tipo de ítem Impreso
Sistema de clasificación Local
945 ## - PROCESAMIENTO LOCAL
AAAA-MM-DD - Fecha de ingreso o modificacion 2005-02-23
Existencias
Withdrawn status Lost status Sistema de Clasificación Damaged status No para préstamo Colección Inventariado Ubicación Permanente Ubicación actual Fecha de adquisición Fuente de Valor Valor Total Checkouts Número topográfico Inventario / Código de Barras Date last seen Ejemplar Price effective from Forma de adquisición Tipo de material
    Local     Entomología Inventariado 2017 Villa de Leyva Villa de Leyva 23/02/2005 Instituto 39000.00   LB-04011 017390 04/12/2012 Ej. 1 04/12/2012   Libro